| 000 | 01326nam a2200205Ia 4500 | ||
|---|---|---|---|
| 999 |
_c37982 _d37982 |
||
| 001 | 3965 | ||
| 003 | GE_BSU | ||
| 005 | 20190823171436.0 | ||
| 008 | 181216s1987||||ge |||||||||||||| ||geo|| | ||
| 040 | _cGE_BSU | ||
| 041 | _ageo | ||
| 080 | _a34(479.22)(094.4) ს–32 | ||
| 245 |
_aსაქართველოს სსრ კანონთა წიგნი : _bტ. 4. კანონმდებლობა ბუნების დაცვისა და ბუნებრივი რესურსების რაციონალური გამოყენების შესახებ / _cსაქ. სსრ უმაღლ. საბჭოს პრეზიდიუმი, საქ. სსრ მინისტრთა საბჭო. |
||
| 264 |
_aთბ. : _bსაბჭ. საქართველო, _c1987. |
||
| 300 |
_a674 გვ. ; _b27 სმ. |
||
| 653 | _aსაქართველოს კანონთა კრებულები | ||
| 653 | _aსაქართველოს კანონი ბუნების დაცვის შესახებ | ||
| 710 |
_a საქ. სსრ უმაღლ. საბჭოს პრეზიდიუმი, საქ. სსრ მინისტრთა საბჭო. _93774 |
||
| 942 |
_cBK _2udc |
||